Ouija, the most dangerous game

Saved in:
Bibliographic Details
Main Author: HUNT, Stoker
Format: Book
Language:English
Published: Barners & Noble Books 1985
Tags: Add Tag
No Tags, Be the first to tag this record!

MARC

LEADER 00000nam a22000007a 4500
008 210419b ||||| |||| 00| 0 eng d
020 |a 978-1-2-9215238-7 
100 |a HUNT, Stoker 
245 |a Ouija, the most dangerous game  |c Stoker Hunt 
260 |b Barners & Noble Books  |c 1985  |h New York:   |i 691518, 691519 – Sci  |l BF1343 .H92  |m Chemistry, physical and theoretical – Textbooks 
500 |a “It includes index” 
942 |a lcc  |c BK  |e Mr ogunleye  |f 19/4/2021 
952 |0 0  |1 0  |2 lcc  |4 0  |6 BF1343 H92  |7 0  |9 2176  |a HOL  |b HOL  |d 2021-04-19  |l 0  |o BF1343 .H92  |p 2021-6030  |r 2021-04-19 00:00:00  |w 2021-04-19  |y BK 
952 |0 0  |1 0  |2 lcc  |4 0  |6 BF1343 H92  |7 0  |9 2177  |a HOL  |b SL  |d 2021-04-19  |l 0  |o BF1343 .H92  |p 2021-6031  |r 2021-04-19 00:00:00  |w 2021-04-19  |y BK 
999 |c 1133  |d 1133